Movies by Picture - G - Statistics

General Stats
  • This quiz has been taken 771 times
  • The average score is 13 of 16
Answer Stats
Picture Answer % Correct
The Grinch
97%
Gladiator
96%
Godzilla
96%
The Godfather
96%
Ghostbusters
95%
Gandhi
92%
Grease
90%
Guardians of the Galaxy
87%
Gremlins
86%
The Great Gatsby
83%
The Green Mile
81%
Groundhog Day
76%
The Goonies
68%
The Grand Budapest Hotel
66%
Goodfellas
62%
Gravity
55%
No matching quizzes found
Score Distribution
Percent of People with Each Score
Percentile by Number Answered
Your Score History
You have not taken this quiz